Digital communication techniques : signal design and detection /

Bibliographic Details
Main Author: Simon, Marvin Kenneth, 1939-
Other Authors: Hinedi, Sami M., Lindsey, William C.
Format: Book
Language:English
Published: Englewood Cliffs, N.J. : London : PTR Prentice Hall ; Prentice-Hall International, [1995]
Subjects:

MARC

Tag First Indicator Second Indicator Subfields
LEADER 00000cam a2200000 a 4500
001 in00001204708
005 20151002075251.0
008 941031s1995 enkab 001 0 eng d
010 |a gb 94090209   |z  93009053  
015 |a GB94-90209 
020 |a 0132006103 :  |c £38.95 : Formerly CIP 
035 |a (OCoLC)31609008 
035 |9 AGP2622AM 
040 |a UKM  |c UKM  |d IUA  |d TXA  |d UtOrBLW 
049 |a TXAM 
082 0 4 |a 621.382  |2 20 
090 |a TK5103.7  |b .S546 1995 
100 1 |a Simon, Marvin Kenneth,  |d 1939- 
245 1 0 |a Digital communication techniques :  |b signal design and detection /  |c Marvin K. Simon, Sami M. Hinedi, William C. Lindsey. 
264 1 |a Englewood Cliffs, N.J. :  |b PTR Prentice Hall ;  |a London :  |b Prentice-Hall International,  |c [1995] 
264 4 |c ©1995 
300 |a xviii, 888 pages :  |b illustrations ;  |c 25 cm. 
336 |a text  |b txt  |2 rdacontent 
337 |a unmediated  |b n  |2 rdamedia 
338 |a volume  |b nc  |2 rdacarrier 
500 |a Includes index. 
650 0 |a Digital communications. 
653 0 |a Telecommunication 
700 1 |a Hinedi, Sami M. 
700 1 |a Lindsey, William C. 
999 |a MARS 
999 f f |s 5a951fd0-8e17-312a-9461-23382095b32d  |i c968d154-bec9-3b43-80d0-d45aaa9d660f  |t 0 
952 f f |p ric  |a Texas A&M University  |b Rellis Campus  |c Joint Library Facility  |d Remote Storage  |t 0  |e TK5103.7 .S546 1995  |h Library of Congress classification  |i unmediated -- volume  |m A14822403849 
998 f f |a TK5103.7 .S546 1995  |t 0  |l Remote Storage